Majlis Bersama Anak Yatim Peyakin Klang pada : 22 Ogos 1998 [

Bibliographic Details
Corporate Author: Institut Penilaian Negara
Format: Book
Published: Selangor : PEYAKIN , 1998

MARC

LEADER 00000cam a2200000 7i4500
001 0000004914
005 20090107.0
040 |a INS 
090 0 0 |a VCD 875 
245 1 0 |a Majlis Bersama Anak Yatim Peyakin Klang pada :   |b 22 Ogos 1998 [  |h cakera video] 
260 |a Selangor :   |b PEYAKIN ,   |c 1998 
300 |a 2 cakera video (120 min.) :   |b y., wrn. ;   |c 4 3/4 in. 
500 |a Juga terdapat dalam format VHS 769 
710 1 |a Institut Penilaian Negara 
999 |a VCD0000875   |b VIDEO CD   |c Media Collection   |e Default branch